00572nam a22001817a 4500003000400000005001700004008004100021020001400062040002900076050002500105100001700130245008300147260002800230300004700258650003700305650002500342650002300367OSt20260624110014.0260624b |||||||| |||| 00| 0 eng d a157837278 cChuka University Library aLB 1027.23b.P3 2001 aParnell Dale aContextual Teaching Works! Helping Students Reach Higher Levels Of Achievement aCordbWaco, Texasc2001 ax 149 pagesbillustrated includes indexes aContextual Teaching and Learning aTeaching Methodology aEffective Teaching